| 000 | 00995nam a2200313Ia 4500 | ||
|---|---|---|---|
| 003 | OSt | ||
| 005 | 20221006160055.0 | ||
| 006 | a|||||r|||| 00| 0 | ||
| 007 | ta | ||
| 008 | 221006b |||||||| |||| 00| 0 eng d | ||
| 020 |
_a9780817995522 _cCDN _ 19.95 |
||
| 024 | _a44,214 | ||
| 037 |
_bGift, KCC (Window on Korea) _cTextual |
||
| 040 |
_aEASL _cEASL _beng |
||
| 041 |
_2eng _aeng |
||
| 082 | _aX0aW6.495, N9 | ||
| 100 |
_aMo Jongryn Ed. _9662079 |
||
| 245 | 0 | _aDemocracy and the Korean economy | |
| 260 |
_aCalifornia _bHoover Institution Press _c1998 |
||
| 300 |
_a210p. _ccm. |
||
| 490 | _v KEL | ||
| 650 |
_a Democracy - Korea - South _9671114 |
||
| 650 | _a KEL | ||
| 650 |
_a Korea - South - Politics and Government _9653925 |
||
| 650 |
_aKorea - South - Economic Policy _9649943 |
||
| 700 |
_a Moon Chung-in Ed. _9650160 |
||
| 942 |
_hX0aW6.495, N9 _cTEXL _2CC |
||
| 999 |
_c1112306 _d1112306 |
||